000 01475cam a22003854a 4500
001 muse91953
003 MdBmJHUP
005 20210127151818.0
006 m o d
007 cr||||||||nn|n
008 940412s1993 pn o 00 0 spa d
010 _z 94144556
020 _a9780472901364
020 _z9780892640133
035 _a(OCoLC)1193105917
040 _aMdBmJHUP
_cMdBmJHUP
050 0 4 _aPQ7529.2.P27
_bD84 1993
100 1 _aParedes Villegas, Antonio,
_d1944-
245 1 3 _aNineteenth-Century China
_bFive Imperialist Perspectives /
_cAntonio Paredes Villegas.
250 _a1. ed.
264 1 _bInstituto Nacional de cultura, Dirección Nacional de Extensión Cultural, Departamento de Letras,
264 3 _bProject MUSE,
300 _a1 online resource (113 p.)
500 _aDe orquídeas y de tigres -- Leyendas del mestizaje -- El duende -- La refrigeradora -- La negrita -- El Mercedes --Temprano por la mañana.
506 0 _aOpen Access
_fUnrestricted online access
_2star
588 _aDescription based on print version record.
655 7 _aElectronic books.
_2local
710 2 _aProject Muse.
_edistributor
830 0 _aBook collections on Project MUSE.
856 4 0 _zFull text available:
_uhttps://muse.jhu.edu/book/77773/
999 _c27112
_d27112